Name every Halo Game - Statistics

General Stats
  • This quiz has been taken 55 times
  • The average score is 6 of 7
Answer Stats
Release Year Answer % Correct
2004 Halo 2
100%
2007 Halo 3
100%
2012 Halo 4
96%
2001 Halo: Combat Evolved
91%
2010 Halo Reach
91%
2009 Halo 3: ODST
76%
2015 Halo 5: Guardians
74%
No matching quizzes found
Score Distribution
Percent of People with Each Score
Percentile by Number Answered
Your Score History
You have not taken this quiz